000 00355nam a2200157Ia 4500
008 221030s9999 xx 000 0 und d
041 _aEnglish
082 _a105.23
_bSeh
100 _aJ. M. Sehgal
245 0 _aChemistry XII
260 _bS. Chand & Co.
_aNew Delhi
_c1985
300 _a183
650 _aChemistry
700 _aS. Mahajan
942 _cBK
999 _c356
_d356